| 000 -CABECERA |
| fixed length control field |
01057nam a22002537a 4500 |
| 003 - IDENTIFICADOR DEL NÚMERO DE CONTROL |
| control field |
AR-CdUCM |
| 008 - DATOS DE LONGITUD FIJA--INFORMACIÓN GENERAL |
| fixed length control field |
190320b ||||| |||| 00| 0 spa d |
| 040 ## - FUENTE DE LA CATALOGACIÓN |
| Agencia/entidad que catalogó originalmente la obra |
MUNICIPALIDAD PROVINCIAL DEL CUSCO |
| Entidad que transcribió la catalogación |
BIBLIOTECA MUNICIPAL DEL CUSCO |
| 082 ## - NÚMERO DE LA CLASIFICACIÓN DECIMAL DEWEY |
| No. de Clasificación |
631.6 / |
| Notacion interna |
P74 |
| 100 ## - ENTRADA PRINCIPAL--NOMBRE DE PERSONA |
| Nombre Personal |
Poiree, Maurice Armand Auguste. |
| 245 ## - MENCIÓN DE TÍTULO |
| Título |
Saneamiento Agricola : |
| Resto del título |
drenaje en tubos porosos o zanjas reglamentación de las corrientes de agua y distribuidores / |
| 260 ## - PUBLICACIÓN, DISTRIBUCIÓN, ETC. |
| Lugar de publicación, distribución, etc. |
Barcelona : |
| Nombre de la editorial, distribuidor, etc. |
Eds. Técnicos Asociados, |
| -- |
Claraso, |
| Fecha de publicación, distribución, etc. |
1966. |
| 300 ## - DESCRIPCIÓN FÍSICA |
| Nº de Páginas Extensión |
395 paginas ; |
| Otros detalles físicos |
Ilustrraciones, diagramas, mapas , planos, |
| Dimensiones |
25 cm. |
| 505 ## - NOTA DE CONTENIDO CON FORMATO |
| Nota de contenido formateada |
Contenido: Propiedades fisicas de los suelos -- el agua en el suelo -- el ciclo del agua en la naturalez -- principios y bases del saneamiento agricola... |
| 650 ## - PUNTO DE ACCESO ADICIONAL DE MATERIA--TÉRMINO DE MATERIA |
| Descriptor |
Saneamiento |
| 9 (RLIN) |
20643 |
| 650 ## - PUNTO DE ACCESO ADICIONAL DE MATERIA--TÉRMINO DE MATERIA |
| Descriptor |
Agricultura |
| 9 (RLIN) |
320 |
| 650 ## - PUNTO DE ACCESO ADICIONAL DE MATERIA--TÉRMINO DE MATERIA |
| Descriptor |
Naturaleza |
| 9 (RLIN) |
4241 |
| 650 ## - PUNTO DE ACCESO ADICIONAL DE MATERIA--TÉRMINO DE MATERIA |
| Descriptor |
Deslizamientos |
| 9 (RLIN) |
20644 |
| 650 ## - PUNTO DE ACCESO ADICIONAL DE MATERIA--TÉRMINO DE MATERIA |
| Descriptor |
Procesos |
| 9 (RLIN) |
8713 |
| 700 ## - PUNTO DE ACCESO ADICIONAL--NOMBRE DE PERSONA |
| Nombre Personal |
Ollier, Charles |
| 9 (RLIN) |
20645 |
| 942 ## - ELEMENTOS DE PUNTO DE ACCESO ADICIONAL (KOHA) |
| Fuente de clasificación |
|
| Tipo de item |
Libros-BMC |
| 945 ## - PROCESAMIENTO DE INFORMACIÓN LOCAL (OCLC) |
| Catalogador |
pjhja |